[Event "Come on and play!"]
[Site "SchemingMind.com"]
[Date "2012.11.16"]
[Round "-"]
[White "SAMAEL"]
[Black "Majoanis"]
[Result "0-1"]
[WhiteCountry "CAN"]
[BlackCountry "CAN"]
[WhiteElo "1713"]
[WhiteRD "45"]
[BlackElo "1912"]
[BlackRD "60"]
[GameID "321149"]

1. e4 e5 2. Nf3 Nc6 3. Be2 Nf6 4. d3 Bc5 5. h3 O-O 6. O-O d6 7. Nc3 a6 8. a3 Ba7 9. Bg5 h6 10. Bh4 g5
11. Bg3 Nh5 12. Bh2 Nf4 13. Bxf4 gxf4 14. Nh2 Nd4 15. Bf3 Qh4 16. Rc1 Bd7 17. Ne2 Rae8 18. c3 Nxe2+ 19. Qxe2 Kh8 20. Bg4 Bxg4
21. Qxg4 Qg5 22. Qxg5 hxg5 23. Kh1 Kg7 24. f3 f5 25. Rfe1 Bf2 26. Re2 Bg3 27. Nf1 Bh4 28. exf5 Kf6 29. g3 Bxg3 30. Nxg3 fxg3
31. Kg2 Kxf5 32. Kxg3 Re6 33. Rce1 Rfe8 34. d4 exd4 35. Rxe6 Rxe6 36. Rxe6 Kxe6 37. Kg4 d3
0-1

[Event "Come on and play!"]
[Site "SchemingMind.com"]
[Date "2012.11.16"]
[Round "-"]
[White "Majoanis"]
[Black "SAMAEL"]
[Result "1-0"]
[WhiteCountry "CAN"]
[BlackCountry "CAN"]
[WhiteElo "1912"]
[WhiteRD "60"]
[BlackElo "1713"]
[BlackRD "45"]
[GameID "321150"]

1. Nf3 Nf6 2. c4 Nc6 3. d4 d5 4. Nc3 e6 5. Bf4 a6 6. e3 Be7 7. Rc1 O-O 8. Be2 dxc4 9. Bxc4 h6 10. O-O Re8
11. Qe2 Bd6 12. Bxd6 Qxd6 13. Rfd1 Qe7 14. a3 Bd7 15. Ba2 Rad8 16. e4 Nh7 17. h3 Ng5 18. Nxg5 Qxg5 19. Qg4 Qxg4 20. hxg4 Ne7
21. f3 Nc8 22. d5 Nb6 23. dxe6 Bxe6 24. Bxe6 Rxd1+ 25. Rxd1 Rxe6 26. Nd5 Nxd5 27. Rxd5 Rd6 28. Rxd6 cxd6 29. Kf2 Kf8 30. Ke3 Ke7
31. Kd4 Ke6 32. a4 b5 33. axb5 axb5 34. f4 f6 35. f5+ Ke7 36. Kd5 Kd7 37. b4 Kc7 38. Ke6 Kc6 39. g3
1-0

[Event "Come on and play!"]
[Site "SchemingMind.com"]
[Date "2012.11.11"]
[Round "-"]
[White "Michal Drus"]
[Black "Majoanis"]
[Result "1-0"]
[WhiteCountry "POL"]
[BlackCountry "CAN"]
[WhiteElo "1680"]
[WhiteRD "67"]
[BlackElo "1939"]
[BlackRD "61"]
[GameID "321165"]

1. d4 d5 2. c4 dxc4 3. Nf3 Nf6 4. e3 e6 5. Bxc4 c5 6. Nc3 a6 7. Ne5 b5 8. Be2 Bb7 9. Bf3 Qc7 10. Bxb7 Qxb7
11. O-O Nbd7 12. Re1 Be7 13. Nxd7 Qxd7 14. dxc5 Bxc5 15. Qxd7+ Kxd7 16. e4 Ng4 17. Re2 Ke7 18. e5 h5 19. h3 Nh6 20. Bg5+ f6
21. Nd5+ exd5 22. exf6+ Kf7 23. fxg7 Kxg7 24. Rc1 Bd6 25. Re6 Nf5 26. Rc6 Rhe8 27. Rcxd6 Nxd6 28. Rxd6 Re2 29. Rxd5 Rxb2 30. a3 Ra2
31. Bc1 Ra1 32. Rc5 Rd8 33. Kh2 Ra2 34. f3 Rd6 35. Rxh5 Rc6 36. Bf4 Rxa3 37. h4 b4 38. Be5+ Kf7 39. Rh7+ Ke6 40. Rh6+ Kd5
41. Rxc6 Kxc6 42. h5 Ra5 43. f4 b3 44. h6 b2 45. h7 b1=Q 46. h8=Q Qb5 47. Qc8+ Kd5 48. Qd8+ Kc6 49. Qd6+ Kb7 50. Qc7+ Ka8
51. Qc8+
1-0

[Event "Come on and play!"]
[Site "SchemingMind.com"]
[Date "2012.11.11"]
[Round "-"]
[White "Majoanis"]
[Black "Michal Drus"]
[Result "1-0"]
[WhiteCountry "CAN"]
[BlackCountry "POL"]
[WhiteElo "1912"]
[WhiteRD "60"]
[BlackElo "1609"]
[BlackRD "69"]
[GameID "321167"]

1. Nf3 d5 2. d4 c5 3. c4 dxc4 4. e3 cxd4 5. exd4 Nf6 6. Bxc4 Nc6 7. O-O Bg4 8. Qb3 e6 9. Ne5 Na5 10. Bb5+ Nc6
11. Nxc6 bxc6 12. Bxc6+ Nd7 13. Bxa8 Qxa8 14. Nc3 Be7 15. Be3 O-O 16. h3 Bf3 17. gxf3 Qxf3 18. Qb5 Qxh3 19. Qc6 Nf6 20. Qg2 Qh4
21. Ne2 Qh5 22. Ng3 Qb5 23. b3 Rd8 24. Rac1 Nd5 25. Qf3 Qa5 26. Ra1 Ba3 27. Bc1 Bd6 28. Ne4 Be7 29. Nc5 Qc3 30. Qxc3 Nxc3
31. Be3 Bxc5 32. dxc5
1-0

[Event "Come on and play!"]
[Site "SchemingMind.com"]
[Date "2012.11.16"]
[Round "-"]
[White "SAMAEL"]
[Black "Michal Drus"]
[Result "0-1"]
[WhiteCountry "CAN"]
[BlackCountry "POL"]
[WhiteElo "1717"]
[WhiteRD "52"]
[BlackElo "1614"]
[BlackRD "67"]
[GameID "321168"]

1. c4 c5 2. Nf3 g6 3. Nc3 Bg7 4. e3 Nf6 5. Be2 O-O 6. O-O Nc6 7. d3 d5 8. cxd5 Nxd5 9. Bd2 Bg4 10. h3 Bxf3
11. Bxf3 Ndb4 12. a3 Nxd3 13. Qc2 Rc8 14. Be2 c4 15. Rfd1 Qd7 16. Be1 Rfd8 17. Rab1 Nce5 18. f4 Nxe1 19. Rxe1 Nd3 20. Red1 Qe6
21. Bxd3 cxd3 22. Rxd3 Rxd3 23. Qxd3 Bxc3 24. bxc3 b6 25. Rb2 Qc6 26. Rc2 Qc5 27. a4 e5 28. fxe5 Qxe5 29. Qd4 Qe6 30. c4 Qc6
31. Qa1 Rd8 32. Qa2 Rd1+ 33. Kh2 h5 34. Qb3 Qd6+ 35. g3 h4 36. e4 Rd3
0-1

[Event "Come on and play!"]
[Site "SchemingMind.com"]
[Date "2012.11.12"]
[Round "-"]
[White "mireluc"]
[Black "Majoanis"]
[Result "0-1"]
[WhiteCountry "ESP"]
[BlackCountry "CAN"]
[WhiteElo "1593"]
[WhiteRD "86"]
[BlackElo "1939"]
[BlackRD "61"]
[GameID "321243"]

1. e4 c5 2. f4 d5 3. e5 Nc6 4. Nf3 Bg4 5. Be2 e6 6. O-O Nge7 7. h3 Bxf3 8. Rxf3 Nd4 9. Rf2 Nxe2+ 10. Qxe2 Nc6
11. b3 c4 12. Ba3 Bxa3 13. Nxa3 Qa5 14. Nb1 cxb3 15. cxb3 O-O 16. Nc3 Rac8 17. Qb5 b6 18. Qxa5 Nxa5 19. Nb5 a6 20. Nd6 Rc7
21. d3 Rb8 22. Raf1 Nb7 23. f5 Nxd6 24. exd6 Rd7 25. fxe6 fxe6 26. g4 Rxd6 27. Kg2 Rc6 28. Kg3 Rcc8 29. Kf4 Rc3 30. Ke3 e5
31. Rf5 Re8 32. Kd2 Rcc8 33. a4 Rf8 34. g5 g6 35. Rf6 b5 36. a5 d4 37. b4 Kg7 38. R6f2 Rxf2+ 39. Rxf2 Rf8 40. Re2 Rf5
41. h4 Kf7 42. Re4 Ke6 43. Ke2 Rf4 44. Rxf4= exf4 45. Kf2 Ke5 46. Kf3 Kf5 47. Kf2 Kg4 48. Kg2 Kxh4 49. Kf3 Kxg5 50. Ke4 Kg4
51. Kxd4 f3 52. Kc5 f2 53. d4 f1=Q 54. d5 Qc4+ 55. Kd6 Qxb4+ 56. Kd7 Qxa5 57. d6 b4 58. Ke8 b3 59. d7 b2 60. Ke7 Qc7
61. Kf6 b1=Q 62. Kg7 Qxd7+ 63. Kh6 Qh1#
0-1

[Event "Come on and play!"]
[Site "SchemingMind.com"]
[Date "2012.11.13"]
[Round "-"]
[White "mireluc"]
[Black "Michal Drus"]
[Result "0-1"]
[WhiteCountry "ESP"]
[BlackCountry "POL"]
[WhiteElo "1589"]
[WhiteRD "83"]
[BlackElo "1609"]
[BlackRD "69"]
[GameID "321244"]

1. e4 c6 2. f4 e5 3. Nf3 exf4 4. d4 d5 5. Bxf4 Bd6 6. Bxd6 Qxd6 7. e5 Qb4+ 8. Nbd2 Bg4 9. Be2 Bxf3 10. Bxf3 Qxd4
11. c3 Qxe5+ 12. Kf2 Ne7 13. Qb3 Qc7 14. Rhf1 Nd7 15. Kg1 Nc5 16. Qc2 O-O-O 17. Nb3 Ne6 18. Rae1 Kb8 19. Bg4 Ng5 20. h4 Ne4
21. Rxf7 Rdf8 22. Rxg7 Qf4 23. c4 Qf6 24. Rxe7 Qxe7 25. cxd5 Rf4 26. Bf3 Rxf3 27. gxf3 Rg8+ 28. Kf1 Ng3+ 29. Kf2 Qxh4 30. Qc1 Nh5+
31. Ke2 Re8+ 32. Kd2 Qf2+ 33. Kd3 Rxe1 34. Qg5 Qe2+ 35. Kd4 Qf2+ 36. Kc4 cxd5+ 37. Qxd5 Qe2+ 38. Kb4 Qe7+ 39. Kc3 Re3+ 40. Kc2 Qc7+
41. Kd2 Re2+ 42. Kxe2 Nf4+ 43. Kf2 Nxd5 44. Kg2 Nf4+ 45. Kf1 h5 46. Kg1 h4 47. Kf2 Nd3+ 48. Ke3 h3 49. Kxd3 h2 50. Nd2 h1=Q
51. Ke3 Qh6+ 52. Kd3 Qd7+ 53. Kc3 Qhxd2+ 54. Kc4 Qc2+ 55. Kb4 Qd4+ 56. Kb5 Qcc4+ 57. Ka5 Qa4#
0-1

[Event "Come on and play!"]
[Site "SchemingMind.com"]
[Date "2012.11.17"]
[Round "-"]
[White "mireluc"]
[Black "SAMAEL"]
[Result "1-0"]
[WhiteCountry "ESP"]
[BlackCountry "CAN"]
[WhiteElo "1575"]
[WhiteRD "87"]
[BlackElo "1719"]
[BlackRD "55"]
[GameID "321245"]

1. e4 e5 2. f4 exf4 3. Nf3 d6 4. d4 Be7 5. Bxf4 Nf6 6. Bd3 Bg4 7. O-O O-O 8. h3 Bd7 9. Nc3 c5 10. d5 Qb6
11. Bc4 Na6 12. b3 Rfe8 13. Qe2 Nc7 14. Qd3 a6 15. e5 dxe5 16. Bxe5 Bf8 17. Bxf6 gxf6 18. Ne4 Bg7 19. Qe3 f5 20. Qxc5 Qxc5+
21. Nxc5 Bxa1 22. Rxa1 Bc8 23. d6 Ne6 24. d7 Bxd7 25. Nxd7 Kg7 26. Bd3 Rad8 27. Nde5 f6 28. Nc4 f4 29. Rf1 Nc5 30. Bf5 b5
31. Nb2 Rd5 32. Bd3 Nxd3 33. Nxd3 Re2 34. Nxf4
1-0

[Event "Come on and play!"]
[Site "SchemingMind.com"]
[Date "2012.11.12"]
[Round "-"]
[White "Majoanis"]
[Black "mireluc"]
[Result "1-0"]
[WhiteCountry "CAN"]
[BlackCountry "ESP"]
[WhiteElo "1626"]
[WhiteRD "64"]
[BlackElo "1461"]
[BlackRD "132"]
[GameID "321246"]

1. Nf3 Nc6 2. d4 d5 3. c4 Be6 4. Nc3 Nb4 5. a3 Na6 6. cxd5 Bxd5 7. Nxd5 Qxd5 8. e3 Qa5+ 9. Bd2 Qb6 10. Bc3 c6
11. d5 Nf6 12. dxc6 Qxc6 13. Ne5 Qe6 14. Bb5+ Nd7 15. Bxd7+ Kd8 16. Bxe6+ Kc7 17. Qd7+ Kb6 18. Nc4+ Kc5 19. Qd5#
1-0

[Event "Come on and play!"]
[Site "SchemingMind.com"]
[Date "2012.11.13"]
[Round "-"]
[White "Michal Drus"]
[Black "mireluc"]
[Result "0-1"]
[WhiteCountry "POL"]
[BlackCountry "ESP"]
[WhiteElo "1583"]
[WhiteRD "64"]
[BlackElo "1575"]
[BlackRD "87"]
[GameID "321247"]

1. e4 e5 2. Nf3 Nc6 3. d4 exd4 4. Nxd4 Bc5 5. Nb3 Qe7 6. Nxc5 Qxc5 7. Nc3 Nf6 8. Bg5 Qxg5 9. Qd2 Qxd2+ 10. Kxd2 O-O
11. Re1 d6 12. Nd5 Ne8 13. Bb5 a6 14. Bxc6 bxc6 15. Ne7+ Kh8 16. Nxc6 Bb7 17. Nd4 Nf6 18. Kd3 Rfe8 19. e5 dxe5 20. Nb3 Rad8+
21. Ke2 Bxg2 22. Rhg1 Be4
0-1

[Event "Come on and play!"]
[Site "SchemingMind.com"]
[Date "2012.11.17"]
[Round "-"]
[White "SAMAEL"]
[Black "mireluc"]
[Result "1-0"]
[WhiteCountry "CAN"]
[BlackCountry "ESP"]
[WhiteElo "1713"]
[WhiteRD "45"]
[BlackElo "1589"]
[BlackRD "83"]
[GameID "321248"]

1. e4 e5 2. Nf3 Nc6 3. Be2 d6 4. d3 Nf6 5. O-O Be6 6. Nc3 Be7 7. h3 Nd4 8. Be3 Nxe2+ 9. Qxe2 a5 10. a4 O-O
11. b3 c5 12. Ng5 Bd7 13. f4 h6 14. Nf3 Nh5 15. Qd2 exf4 16. Bxf4 Nxf4 17. Qxf4 Bf6 18. Qd2 Qb6 19. Kh1 Qb4 20. e5 dxe5
21. Nd5 Qxd2 22. Nxf6+ gxf6 23. Nxd2 f5 24. Rae1 f6 25. Nc4 f4 26. Kh2 Ra7 27. Rd1 b5 28. axb5 Bxb5 29. Nd6 Bd7 30. Ra1 Rfa8
31. Ne4 c4 32. Nxf6+ Kf7 33. Nxd7 Rxd7 34. bxc4 Rb7 35. Ra2 Ke6 36. Rfa1 Rba7 37. Kg1 a4 38. Kf2 Kd6 39. Kf3 Kc5 40. Rb1 Ra5
41. Rb7 a3 42. Ke4 Kd6 43. Rh7 Rg8 44. Rxh6+ Ke7 45. Rh5 Kf6 46. Rh6+ Ke7 47. c3 Rb8 48. d4 exd4 49. cxd4 Rb2 50. Rxb2 axb2
51. Rb6 Ra2 52. Kxf4 b1=Q 53. Rxb1 Rxg2 54. Rb3 Kd6 55. Rb6+ Kc7 56. c5 Rh2 57. Kg4 Rg2+ 58. Kh5 Rf2 59. h4 Rf4 60. Rd6 Rf7
61. Kg6 Rf8 62. h5 Rg8+ 63. Kf7 Rh8 64. h6 Kc8 65. Kg7 Rd8 66. Rxd8+ Kxd8 67. h7 Kd7 68. h8=Q Kc6 69. Qd8 Kb5 70. Qd5 Kb4
71. c6 Kc3 72. c7 Kd3 73. c8=Q Ke3 74. Qce6+ Kd3 75. Qh3+ Kc2 76. Qdg2+ Kd1 77. Qhh1#
1-0

[Event "Come on and play!"]
[Site "SchemingMind.com"]
[Date "2012.11.13"]
[Round "-"]
[White "Majoanis"]
[Black "kubinet"]
[Result "1-0"]
[WhiteCountry "CAN"]
[BlackCountry "GER"]
[WhiteElo "1912"]
[WhiteRD "60"]
[BlackElo "1503"]
[BlackRD "62"]
[GameID "321282"]

1. Nf3 Nf6 2. c4 e6 3. g3 b6 4. Bg2 Bb7 5. O-O Be7 6. d4 O-O 7. Nc3 d5 8. Ne5 Nbd7 9. Bg5 h6 10. Nxd7 Qxd7
11. Bf4 Bd6 12. Bxd6 Qxd6 13. Rc1 Rac8 14. cxd5 exd5 15. a3 a6 16. b4 c5 17. bxc5 bxc5 18. dxc5 Qd7 19. Na4 Qxa4 20. Qxa4
1-0

[Event "Come on and play!"]
[Site "SchemingMind.com"]
[Date "2012.11.13"]
[Round "-"]
[White "hymanroth"]
[Black "Majoanis"]
[Result "1-0"]
[WhiteCountry "CRO"]
[BlackCountry "CAN"]
[WhiteElo "2044"]
[WhiteRD "111"]
[BlackElo "1800"]
[BlackRD "63"]
[GameID "321320"]

1. e4 c5 2. Nf3 d6 3. d4 cxd4 4. Nxd4 Nf6 5. Nc3 e6 6. g4 h6 7. h3 Nc6 8. Be3 Bd7 9. f4 Nxd4 10. Qxd4 Bc6
11. O-O-O Be7 12. Be2 Qa5 13. g5 e5 14. Qc4 Nxe4 15. Nxe4 d5 16. Qb3 dxe4 17. Bc4
1-0

[Event "Come on and play!"]
[Site "SchemingMind.com"]
[Date "2012.11.13"]
[Round "-"]
[White "hymanroth"]
[Black "Michal Drus"]
[Result "1-0"]
[WhiteCountry "CRO"]
[BlackCountry "POL"]
[WhiteElo "2157"]
[WhiteRD "96"]
[BlackElo "1609"]
[BlackRD "69"]
[GameID "321321"]

1. d4 d5 2. c4 e5 3. dxe5 d4 4. Nf3 c5 5. e3 Nc6 6. exd4 cxd4 7. Bd3 Nxe5 8. Qe2 f6 9. Bf4 Bb4+ 10. Nbd2 Bxd2+
11. Kxd2 Qa5+ 12. Kc2 Bg4 13. Bxe5 Bxf3 14. Qxf3 fxe5 15. Qxb7 Qd8 16. Qxg7 Qf6 17. Qxf6 Nxf6 18. f3 O-O-O 19. Rhe1 Nd7 20. Re2 Rhg8
21. g4 h5 22. Bf5 Kb7 23. Bxd7 Rxd7 24. Rxe5 hxg4 25. fxg4 Rxg4 26. Rd1 Rh7 27. Rd2 Rd7 28. Rd5 Kc6 29. Rxd7 Kxd7 30. b4 Rh4
31. c5 Kc6 32. Kb3 Kd5 33. Ka4 Rh6 34. Kb3 a6 35. a4 Rh3+ 36. Kb2 Kc4 37. Rc2+ Kxb4 38. c6 Rh8 39. Kc1 d3 40. Rf2 Kc3
41. c7 Rc8 42. Rf7 d2+ 43. Kd1 Kd3 44. h4 Rg8 45. Rd7+ Ke3 46. Rxd2 Rc8 47. Rd7 Rg8 48. Rd8
1-0

[Event "Come on and play!"]
[Site "SchemingMind.com"]
[Date "2012.11.13"]
[Round "-"]
[White "hymanroth"]
[Black "mireluc"]
[Result "1-0"]
[WhiteCountry "CRO"]
[BlackCountry "ESP"]
[WhiteElo "2132"]
[WhiteRD "96"]
[BlackElo "1583"]
[BlackRD "85"]
[GameID "321323"]

1. d4 b5 2. e4 Bb7 3. f3 Nf6 4. Bxb5 a6 5. Bd3 Nc6 6. Ne2 d5 7. e5 Nd7 8. c3 e6 9. Be3 Be7 10. O-O O-O
11. Qc2 h6 12. f4 f6 13. Rf3 f5 14. Nd2 Rc8 15. Qd1 Na5 16. Nb3 c5 17. Nxa5 Qxa5 18. Bd2 c4 19. Bc2 Qd8 20. Ba4 Nb6
21. Rh3 Nxa4 22. Qxa4 Qb6 23. Rb1 Bc6 24. Qd1 a5 25. Qe1 Qb5 26. Qg3 Kh7 27. Nc1 a4 28. Qf3 a3 29. b3 Rb8 30. Be1 cxb3
31. axb3 Ra8 32. Ra1 g6 33. Bh4 Bxh4 34. Rxh4 Be8 35. Qd1 Qc6 36. Qc2 Bf7 37. Nd3 h5 38. Nc5 Qb5 39. Na4 Rfb8 40. Rxa3 Be8
41. Rh3 Qb7 42. Nc5 Qb6 43. Rxa8 Rxa8 44. Qb2 Bf7 45. Rf3 Qa5 46. b4 Qc7 47. Rf1 Qc8 48. Ra1 Rb8 49. b5 Be8 50. b6 Bb5
51. Qxb5 Kg7 52. Ra7+ Kh6 53. b7 Qc7 54. Ra8 g5 55. fxg5+ Kxg5 56. Rxb8 Qxb8 57. Qd7 Kg4 58. Qc8 Qa7 59. Qa8 Qxa8 60. bxa8=Q f4
61. Qg8+ Kh4 62. g3+ Kh3 63. gxf4 h4 64. Qg2#
1-0

[Event "Come on and play!"]
[Site "SchemingMind.com"]
[Date "2012.11.18"]
[Round "-"]
[White "hymanroth"]
[Black "SAMAEL"]
[Result "1-0"]
[WhiteCountry "CRO"]
[BlackCountry "CAN"]
[WhiteElo "2029"]
[WhiteRD "111"]
[BlackElo "1646"]
[BlackRD "74"]
[GameID "321324"]

1. e4 c5 2. Nf3 d6 3. d4 cxd4 4. Nxd4 Bd7 5. Nc3 Nf6 6. f3 Nc6 7. Be3 e6 8. Qd2 Be7 9. O-O-O Rc8 10. g4 h6
11. h4 Nxd4 12. Qxd4 Qa5 13. Qxa7 Qxa7 14. Bxa7 Bd8 15. Be3 Ba5 16. Nb5 Bxb5 17. Bxb5+ Ke7 18. g5 hxg5 19. hxg5 Nd7 20. Bxd7 Kxd7
21. Rxh8 Rxh8 22. Bf4 Bc7 23. Bxd6 Bxd6 24. e5 Kc7 25. exd6+ Kc6 26. c4 Rd8 27. d7 Rxd7 28. Rxd7 Kxd7 29. Kd2 Kc6 30. b4 f6
31. gxf6 gxf6 32. a4 b6 33. Kd3 e5 34. Ke4
1-0

[Event "Come on and play!"]
[Site "SchemingMind.com"]
[Date "2012.11.13"]
[Round "-"]
[White "Majoanis"]
[Black "hymanroth"]
[Result "0-1"]
[WhiteCountry "CAN"]
[BlackCountry "CRO"]
[WhiteElo "1846"]
[WhiteRD "63"]
[BlackElo "2132"]
[BlackRD "96"]
[GameID "321325"]

1. Nf3 Nf6 2. c4 g6 3. g3 Bg7 4. Bg2 O-O 5. O-O d5 6. d4 dxc4 7. Na3 c3 8. bxc3 c5 9. e3 Nc6 10. Qe2 Nd5
11. Bb2 Nb6 12. Rab1 cxd4 13. cxd4 Qd5 14. e4 Qxa2 15. Ra1 Qb3 16. Rfb1 Na4 17. Bc1 Nc3
0-1

[Event "Come on and play!"]
[Site "SchemingMind.com"]
[Date "2012.11.13"]
[Round "-"]
[White "Michal Drus"]
[Black "hymanroth"]
[Result "0-1"]
[WhiteCountry "POL"]
[BlackCountry "CRO"]
[WhiteElo "1596"]
[WhiteRD "62"]
[BlackElo "2029"]
[BlackRD "111"]
[GameID "321326"]

1. e4 e5 2. Nf3 Nc6 3. d4 exd4 4. Nxd4 Nf6 5. Nxc6 bxc6 6. e5 Qe7 7. Qe2 Nd5 8. c4 Ba6 9. Nd2 Nb4 10. Qe4 d5
11. cxd5 cxd5 12. Qf3 Qxe5+ 13. Kd1 Bxf1 14. Rxf1 Be7 15. a3 Nc6 16. Nb3 Nd4 17. Nc5 Nxf3
0-1

[Event "Come on and play!"]
[Site "SchemingMind.com"]
[Date "2012.11.13"]
[Round "-"]
[White "mireluc"]
[Black "hymanroth"]
[Result "0-1"]
[WhiteCountry "ESP"]
[BlackCountry "CRO"]
[WhiteElo "1601"]
[WhiteRD "112"]
[BlackElo "2029"]
[BlackRD "111"]
[GameID "321328"]

1. e4 e5 2. f4 exf4 3. Nf3 g5 4. d4 g4 5. Ne5 Qh4+ 6. Ke2 d6 7. Nd3 f3+ 8. gxf3 gxf3+ 9. Kd2 Bh6+ 10. Kc3 Qxe4
11. Bxh6 Nxh6 12. Nf2 Qc6+ 13. Kd2 Qd5 14. c3 Ng4 15. Qe1+ Kf8 16. Qe4 Qg5+ 17. Ke1 Qc1+ 18. Nd1 f2+ 19. Ke2 Nc6 20. Bh3 Rg8
21. Bxg4 Bxg4+ 22. Kxf2 Bxd1 23. Re1 Qxb2+ 24. Kf1 Qxh2 25. Qe3 Qg2#
0-1

[Event "Come on and play!"]
[Site "SchemingMind.com"]
[Date "2012.11.18"]
[Round "-"]
[White "SAMAEL"]
[Black "hymanroth"]
[Result "0-1"]
[WhiteCountry "CAN"]
[BlackCountry "CRO"]
[WhiteElo "1719"]
[WhiteRD "55"]
[BlackElo "2044"]
[BlackRD "111"]
[GameID "321329"]

1. d4 Nf6 2. c4 g6 3. Nf3 Bg7 4. e3 O-O 5. Be2 d6 6. O-O Nbd7 7. Nc3 e5 8. dxe5 dxe5 9. Bd2 Re8 10. Re1 c6
11. Qc2 Qc7 12. h3 Nc5 13. Bf1 Bf5 14. e4 Bd7 15. Rad1 Rad8 16. a3 a5 17. Be3 Na6 18. Qb3 Bc8 19. Bb6 Rxd1 20. Bxc7 Rxe1
21. Nxe1 Nxc7 22. Qb6 Ne6 23. Qxa5 Ng5 24. f3 Ne6 25. Nd3 Nd7 26. Na4 Bf6 27. Qe1 Kg7 28. Kh1 b6 29. Qf2 Nd4 30. Nb4 Bb7
31. Nc2 Ra8 32. Nc3 Nc5 33. Ne3 h5 34. g3 Ndb3 35. Nb1 Rd8 36. h4 Be7 37. g4 hxg4 38. Nxg4 Rh8 39. Kg2 Bxh4 40. Qe3 Rh5
41. Qc3 Bc8 42. Nd2 Be1 43. Qb4 Nxd2 44. Qxb6 Ncxe4 45. Qxc6 Bxg4 46. fxg4 Rh4 47. Be2 Bg3 48. Bd3 Rh2+ 49. Kg1 Nf3+ 50. Kf1 Ned2#
0-1

[Event "Come on and play!"]
[Site "SchemingMind.com"]
[Date "2012.11.14"]
[Round "-"]
[White "Iucounu"]
[Black "Majoanis"]
[Result "0-1"]
[WhiteCountry "ENG"]
[BlackCountry "CAN"]
[WhiteElo "1385"]
[WhiteRD "52"]
[BlackElo "1939"]
[BlackRD "61"]
[GameID "321383"]

1. e4 c5 2. Nf3 d6 3. d4 cxd4 4. Nxd4 Nf6 5. Nc3 e6 6. g4 h6 7. h4 Nc6 8. Rg1 h5 9. Nxc6 bxc6 10. g5 Nd7
11. f4 Qb6 12. Rg3 Be7 13. Qe2 a5 14. Qe3 Qxe3+ 15. Bxe3 g6 16. Bd4 e5 17. Be3 exf4 18. Bxf4 Ne5 19. O-O-O Bg4 20. Rd2 Rb8
21. Bxe5 dxe5 22. Be2 Be6 23. b3 O-O 24. Na4 Rb4 25. Nb2 Rxe4 26. Bc4 Rxh4 27. Rdg2 Rh1+ 28. Rg1 Rxg1+ 29. Rxg1 Ba3 30. Bxe6 fxe6
31. Kb1 Bxb2 32. Kxb2 Rf4
0-1

[Event "Come on and play!"]
[Site "SchemingMind.com"]
[Date "2012.11.15"]
[Round "-"]
[White "Iucounu"]
[Black "Michal Drus"]
[Result "0-1"]
[WhiteCountry "ENG"]
[BlackCountry "POL"]
[WhiteElo "1400"]
[WhiteRD "52"]
[BlackElo "1609"]
[BlackRD "69"]
[GameID "321384"]

1. e4 c6 2. d4 d5 3. Nc3 b5 4. a3 dxe4 5. Nxe4 Nf6 6. Nxf6+ exf6 7. g3 Be6 8. Bg2 Bd5 9. Nf3 Bxf3 10. Bxf3 Bd6
11. O-O O-O 12. b4 Re8 13. Bb2 Nd7 14. Bxc6 Rc8 15. d5 a6 16. Qd2 Re4 17. Rae1 Rc4 18. Bd4 Ne5 19. c3 Nf3+
0-1

[Event "Come on and play!"]
[Site "SchemingMind.com"]
[Date "2012.11.19"]
[Round "-"]
[White "Iucounu"]
[Black "kubinet"]
[Result "0-1"]
[WhiteCountry "ENG"]
[BlackCountry "GER"]
[WhiteElo "1400"]
[WhiteRD "52"]
[BlackElo "1503"]
[BlackRD "62"]
[GameID "321385"]

1. e4 c5 2. Nf3 d6 3. d4 cxd4 4. Nxd4 Nf6 5. Nc3 a6 6. Bg5 e6 7. f4 Be7 8. Bd3 O-O 9. Qd2 Qc7 10. O-O-O Nbd7
11. h3 b5 12. Nf3 Bb7 13. g4 Nc5 14. Be2 Rfd8 15. Bd3 Nfxe4 16. Bxe7 Qxe7 17. Nxe4 Nxe4 18. Bxe4 Bxe4 19. Rhf1 Rac8 20. Rf2 Rxc2+
0-1

[Event "Come on and play!"]
[Site "SchemingMind.com"]
[Date "2012.11.16"]
[Round "-"]
[White "Iucounu"]
[Black "mireluc"]
[Result "0-1"]
[WhiteCountry "ENG"]
[BlackCountry "ESP"]
[WhiteElo "1385"]
[WhiteRD "52"]
[BlackElo "1593"]
[BlackRD "86"]
[GameID "321386"]

1. e4 e5 2. Nf3 Nc6 3. Bb5 a6 4. Ba4 b5 5. Bb3 h6 6. O-O Bc5 7. Nxe5 Nxe5 8. d4 Bd6 9. dxe5 Bxe5 10. Qd5 Bxh2+
11. Kxh2 c6 12. Qe5+ Kf8 13. Qd6+ Ne7 14. Be3 h5 15. Bg5 f6 16. Bd2 a5 17. c3 a4 18. f4 axb3 19. f5 Qe8 20. a3 Bb7
21. Be3 Qb8 22. Qxb8+ Rxb8 23. Nd2 d6 24. Nxb3 c5 25. Nd2 Ra8 26. Bf4 d5 27. Rae1 dxe4 28. Bd6 c4 29. Bxe7+ Kxe7 30. Nxe4 Bxe4
31. Rxe4+ Kf7 32. Rfe1 Rhd8 33. R1e2 Rd5 34. Rf2 Rad8 35. Ree2 Rd3 36. g3 R3d5 37. Kh3 Rd1 38. g4 Rh8 39. Kg3 h4+ 40. Kh3 g5
41. Rd2 Rh1+ 42. Rh2 Rxh2+ 43. Kxh2 Rb8 44. Kg2 Ke7 45. Kh2 Rb6 46. Rd5 Ke8 47. Rc5 Kd7 48. Rd5+ Kc6 49. Rd2 Kc5 50. Kh3 Rd6
0-1

[Event "Come on and play!"]
[Site "SchemingMind.com"]
[Date "2012.11.19"]
[Round "-"]
[White "Iucounu"]
[Black "SAMAEL"]
[Result "0-1"]
[WhiteCountry "ENG"]
[BlackCountry "CAN"]
[WhiteElo "1409"]
[WhiteRD "52"]
[BlackElo "1717"]
[BlackRD "52"]
[GameID "321387"]

1. e4 e5 2. Nf3 d6 3. d4 exd4 4. Nxd4 Nf6 5. Nc3 Be7 6. Bc4 O-O 7. O-O Bd7 8. Re1 Re8 9. Bg5 h6 10. Bh4 a6
11. Nd5 Nxd5 12. Bxd5 Bxh4 13. Bxb7 Ra7 14. Bd5 c6 15. Bb3 Bf6 16. c3 Bc8 17. Qf3 Be5 18. Rad1 Qf6 19. Qxf6 Bxf6 20. Nf5 Bxf5
21. exf5 Rxe1+ 22. Rxe1 Re7 23. Rxe7 Bxe7 24. g4 Kf8 25. Kg2 d5 26. Bc2 Nd7 27. Ba4 Nb8 28. h3 Ke8 29. Kf3 Kd7 30. b4 Bf6
0-1

[Event "Come on and play!"]
[Site "SchemingMind.com"]
[Date "2012.11.14"]
[Round "-"]
[White "Iucounu"]
[Black "hymanroth"]
[Result "0-1"]
[WhiteCountry "ENG"]
[BlackCountry "CRO"]
[WhiteElo "1400"]
[WhiteRD "52"]
[BlackElo "2157"]
[BlackRD "96"]
[GameID "321388"]

1. e4 e5 2. Nf3 Nc6 3. Bb5 a6 4. Ba4 Nf6 5. O-O Be7 6. Re1 b5 7. Bb3 O-O 8. c3 d6 9. h3 Bb7 10. d4 Re8
11. Nbd2 Bf8 12. a4 h6 13. Bc2 exd4 14. cxd4 Nb4 15. axb5 Nxc2 16. Qxc2 axb5 17. Rxa8 Bxa8 18. e5 Nd5 19. b3 dxe5 20. dxe5 Nb4
21. Qc3 Na2 22. Qc2 Nxc1 23. Qxc1 Bb4 24. Rd1 Qe7 25. Qa1 Bxd2 26. Rxd2 Bxf3 27. gxf3 Qg5+ 28. Kf1 Qxd2
0-1

[Event "Come on and play!"]
[Site "SchemingMind.com"]
[Date "2012.11.14"]
[Round "-"]
[White "Majoanis"]
[Black "Iucounu"]
[Result "1-0"]
[WhiteCountry "CAN"]
[BlackCountry "ENG"]
[WhiteElo "1736"]
[WhiteRD "59"]
[BlackElo "1465"]
[BlackRD "53"]
[GameID "321389"]

1. Nf3 Nf6 2. c4 g6 3. g3 Bg7 4. Bg2 O-O 5. O-O d6 6. Nc3 Nbd7 7. d4 e5 8. e4 c6 9. h3 Re8 10. Re1 exd4
11. Nxd4 Qb6 12. Nb3 Nc5 13. Be3 Bf8 14. Na4 Qb4 15. Naxc5 dxc5 16. Bg5 Bg7 17. Rc1 Be6 18. a3 Qb6 19. Qc2 Rad8 20. e5 h6
21. exf6 hxg5 22. fxg7 Kxg7 23. Qc3+ Kg8 24. Rcd1 Rxd1 25. Rxd1 Rd8 26. Rxd8+ Qxd8 27. Nxc5 Qc8 28. Nxe6 Qxe6 29. Qe3 Qxe3 30. fxe3 f5
31. Kf2 Kf7 32. e4 Ke6 33. Ke3 Ke5 34. exf5 gxf5 35. b4 a6 36. a4
1-0

[Event "Come on and play!"]
[Site "SchemingMind.com"]
[Date "2012.11.15"]
[Round "-"]
[White "Michal Drus"]
[Black "Iucounu"]
[Result "1-0"]
[WhiteCountry "POL"]
[BlackCountry "ENG"]
[WhiteElo "1680"]
[WhiteRD "67"]
[BlackElo "1385"]
[BlackRD "52"]
[GameID "321390"]

1. e4 e5 2. Nf3 Nc6 3. d4 exd4 4. Nxd4 Nf6 5. Nxc6 bxc6 6. Bg5 Be7 7. Bc4 O-O 8. Nc3 d6 9. Qf3 h6 10. Bh4 Be6
11. Bxe6 fxe6 12. Qh3 Qd7 13. O-O-O Rad8 14. f4 e5 15. f5 Nh7 16. Bf2 Ng5 17. Qd3 Bf6 18. h4 Nf7 19. Bxa7 Ra8 20. g4 Rxa7
21. Qc4 Kh8 22. g5 Bd8 23. g6 Ng5 24. hxg5 Bxg5+ 25. Kb1 Bf6 26. Rh5 Rb8 27. Rdh1 Bg5 28. Rxg5 Rab7 29. f6 Rxb2+ 30. Ka1 d5
31. Qf1 d4 32. f7 Qe7 33. Rxh6+
1-0